000 01972nam a2200433 c 4500
001 9351
003 ES-MaCES
005 20150929135817.0
008 990909s1998 pe t o000 | spa d
035 _aCES19990012924m
040 _aES-MaCES
_bspa
_cES-MaCES
245 0 0 _aProyecto OIT-Gobierno de España "fortalecimiento del diálogo social tripartito y capacitación y reconversión laboral en los países de la Subregión Andina" (RLA/94/M10-M12/SPA)
_pAcuerdos, declaraciones y resoluciones 1996-1997-1998
260 _aLima (Perú)
_b[s.n.]
_c1998
300 _a1 v. (fol. var.)
_c30 cm
541 _cGratuito
650 4 _anegociación colectiva
_928362
650 4 _aconcertación tripartita
_930936
650 4 _aConsejos Económicos y Sociales
_930859
650 4 _aformación profesional
_927394
650 4 _aformación profesional permanente
_929931
650 4 _areconversión profesional
_927386
650 4 _apolítica de formación
_929974
650 4 _aEspaña
_926964
650 4 _aprograma de la OIT
_929032
650 4 _aregión andina
_926765
650 4 _a1996-1998
_931180
650 4 _aresolución
_928949
650 4 _adeclaración
_928950
653 1 0 _aRelaciones laborales-Empleo
650 4 _928369
_arelaciones laborales
650 4 _930664
_aconcertación social
787 0 _tMemorias
_w(ES-MaCES)8534
787 0 _tProyecto OIT-Gobierno de España "fortalecimiento del diálogo social tripartito y capacitación y reconversión laboral en los países de la Subregión Andina" (RLA/94/M10-M12/SPA)
_w(ES-MaCES)9348
787 0 _tProyecto OIT-Gobierno de España "fortalecimiento del diálogo social tripartito y capacitación y reconversión laboral en los países de la Subregión Andina" (RLA/94/M10-M12/SPA)
_w(ES-MaCES)9350
787 0 _tReconversión y capacitación laboral para el siglo XXI
_w(ES-MaCES)6004
902 _aLIB Libro
942 _2CES
_cBK
_h2.0.
999 _c9351
_d9351